[Event "Dortmund SuperGM 23rd"]
[Site "Dortmund"]
[Date "1995.07.20"]
[Round "6"]
[White "Lautier, Joel"]
[Black "Bareev, Evgeny"]
[Result "1/2-1/2"]
[WhiteElo "2645"]
[BlackElo "2650"]
[Annotator "Hansen,Cu"]
[PlyCount "58"]
[EventDate "1995.07.14"]
[EventType "tourn"]
[EventRounds "9"]
[EventCountry "GER"]
[EventCategory "17"]
[SourceTitle "CBM 048"]
[Source "ChessBase"]
[SourceDate "1995.10.01"]
[SourceVersion "1"]
[SourceVersionDate "1995.10.01"]
[SourceQuality "1"]

1. d4 {Von Gleich} Nf6 2. c4 e6 3. g3 d5 4. Bg2 Bb4+ 5. Bd2 Be7 6. Nf3 O-O 7.
O-O c6 8. Qc2 Nbd7 9. Bf4 Ne4 10. Nbd2 (10. Nc3 f5 (10... g5 11. Bc1 f5 12. Ne5
(12. b3 Bf6 13. Bb2 Qe7 (13... Bg7 14. Rad1 Rf7 15. Nxe4 $1 fxe4 16. Ne1 Nf8
17. f3 exf3 18. Bxf3 $16 {Petrosian,T-Botvinnik,M/Wch/1963/}) 14. Rad1 Qg7 15.
Nxe4 fxe4 16. Ne1 c5 $13 {Eislet,P-Engel,H/cr/1974/}) 12... Nxe5 13. dxe5 Qc7
14. f4 b6 15. Nxe4 dxe4 16. Be3 c5 17. Qc3 $10 {Maiwald-Ruf/BL/1992/}) (10...
Nxc3 11. Qxc3 Nf6 12. Ne5 Ne4 13. Qc2 f6 14. Nd3 Nd6 15. c5 Nf5 16. Qc3 Nxd4 $2
17. Qxd4 e5 18. Nxe5 fxe5 19. Bxe5 $18 {Tibensky,R-Paldanius,P/EUCup/1994/})
11. Rad1 (11. Nxe4 fxe4 (11... dxe4 12. Ne5 Bf6 13. Rad1 Qe7 14. c5 Rd8 15. f3
exf3 16. Nxf3 Nf8 17. e4 $16 {Hutters,T-Hector,J/Taastrup A 1992/1/2-1/2 (53)})
12. Ne5 Bf6 13. Rad1 Bxe5 14. dxe5 Qe7 15. b3 b6 $10 {Razuvaev,Y-Larsen,B/
Valby K41 (02) 1991}) (11. cxd5 exd5 12. Rab1 g5 $6 (12... a5) 13. Bc1 Bf6 14.
b4 g4 15. Nd2 Bxd4 16. Ncxe4 fxe4 17. Nxe4 Bg7 18. Nc5 $16 {Geller,E-Jimenez/
La Habana/1963/}) 11... Nd6 12. b3 g5 $4 13. Nxg5 $18 {Adamski,J-Georgadze,G/
Tbilisi 1983 (27)}) (10. Nfd2 f5 (10... g5 11. Be3 f5 12. Nxe4 dxe4 13. Nc3 Qe8
14. Rad1 e5 15. d5 Qg6 16. g4 Nf6 17. d6 Bd8 18. gxf5 Bxf5 19. c5 Kh8 $13 {
Steinbacher,M-Brenninkmeijer,J/Groningen open/1994/}) (10... Nxd2 {Von Gleich}
11. Bxd2 $5 dxc4 12. Qxc4 e5 13. dxe5 Nxe5 14. Qc2 $14) 11. f3 (11. Nxe4 fxe4
12. Nc3 $13) 11... Nxd2 12. Nxd2 Bf6 13. Nb3 dxc4 $6 14. Qxc4 Nb6 15. Qd3 $14 {
Wegner,H-Welin,T/Slupsk 1987/1/2-1/2 (50)}) (10. Rd1 f5 11. Nc3 Qe8 12. Rab1 a5
13. c5 Qh5 14. Ne5 Rf6 15. f3 Ng5 16. h4 Nf7 17. Nxd7 Bxd7 18. Na4 $16 {
Bernard,C-Rosandic,D/Cannes op A(5) 1994/1-0 (51)}) (10. Ne5 Nd6 11. Nd2 Nxe5
12. dxe5 Nxc4 13. Nxc4 dxc4 14. Be4 g6 15. h4 Bd7 16. Rad1 Qc7 17. h5 Kg7 18.
Kg2 $14 {Benko,P-Kortchnoi,V/Stockholm izt/1962/}) 10... Nxd2 (10... g5 $5 11.
Be3 f5 {und Weiß fehlt der Zug f2-f3} 12. Nxe4 dxe4 13. Ne1 $13) 11. Nxd2 g5 (
11... f5 12. f3 g5 13. Be3 {- 11...g5}) 12. Be3 f5 13. f3 (13. Nf3 g4 14. Ne1
Bg5 15. Bxg5 Qxg5 16. Nd3 Qg7 17. e3 h5 18. Nf4 Nf6 19. b4 $14 {Sosonko,
G-Cifuentes,R/NED ch(02) 1993 (35)}) 13... Rf7 (13... f4 14. Bf2 Nf6 15. e4 $16
{Fine,R-Steiner,H/Washington m 1944 (45)}) (13... Bd6 14. Bf2 (14. Kh1 f4)
14... Nf6 {/\ g4} 15. e4 fxe4 (15... dxe4 $5 16. fxe4 Ng4 17. Nf3) 16. fxe4 $14
{Tukmakov,V-Cifuentes Parada,R/Wijk II 53/484 1992 (27)}) (13... Qe8 14. Kh1 $5
Qh5 15. Bg1 $14) 14. Bf2 {[%cal Ye2e4]} (14. f4 $5 {Von Gleich}) 14... Nf8 15.
e4 Ng6 16. Rad1 {[%csl Gd4]} (16. Rae1 $5 $14 {[%cal Re1e8]}) (16. Qb3 {
Von Gleich} dxe4 17. fxe4 f4 $132) 16... a5 17. Nb1 {[%csl Gd5,Ge4][%cal Yb1c3]
} (17. cxd5 {Von Gleich} cxd5 18. exd5 exd5 19. Nb3 $13) (17. a4 $5 {Von Gleich
}) (17. Rfe1 {Von Gleich} a4 18. a3 Ra5) 17... dxe4 18. fxe4 e5 19. exf5 (19.
dxe5 Qc7 {Von Gleich} 20. Bd4 {habgierig} f4 $132) 19... Bxf5 20. Qe2 exd4 21.
Bxd4 Qd7 (21... Qc7 22. Rxf5 Rxf5 23. Bh3 $14 {[%cal Rh3e6]}) 22. Bb6 (22. Nc3
{Von Gleich} Bg4) 22... Qe6 $10 23. Nc3 Qxe2 24. Nxe2 Ne5 25. b3 Bg4 26. Rxf7
Nxf7 27. Bf1 Ne5 28. h3 Bf3 29. Bg2 Bxe2 {kein Holz mehr übrig, daher Remis.} (
29... Bxe2 30. Re1 $10 {[%cal Re1e7]}) 1/2-1/2

[Event "Yerevan zt 1.5"]
[Site "Yerevan"]
[Date "2000.06.14"]
[Round "8"]
[White "Nalbandian, Tigran"]
[Black "Izoria, Zviad"]
[Result "1-0"]
[WhiteElo "2448"]
[BlackElo "2372"]
[Annotator "Hecht,H"]
[PlyCount "159"]
[EventDate "2000.06.07"]
[EventType "swiss"]
[EventRounds "9"]
[EventCountry "ARM"]
[SourceTitle "CBM 078"]
[Source "ChessBase"]
[SourceDate "2000.10.18"]
[SourceVersion "1"]
[SourceVersionDate "2000.10.18"]
[SourceQuality "1"]

1. d4 Nf6 2. c4 e6 3. g3 d5 4. Bg2 Bb4+ 5. Bd2 Be7 6. Nf3 O-O 7. O-O c6 8. Qc2
b6 9. Bf4 Nbd7 10. Nbd2 Bb7 11. b3 Rc8 12. e4 c5 13. cxd5 exd5 14. e5 Ne4 15.
Qb2 f5 16. e6 Nb8 17. Ne5 Bf6 18. Nxe4 fxe4 19. Rad1 Qe7 20. Bh3 g5 21. Bc1
cxd4 22. Qxd4 Rxc1 23. Rxc1 Qg7 24. Qa4 Bxe5 25. Qxa7 Bd4 26. Qa4 Be5 27. Qb5
Bd4 28. Qa4 Be5 29. Qb4 Bd4 30. e7 Re8 31. Rfd1 Nc6 32. Rxc6 Bxc6 33. Be6+ Kh8
34. Rxd4 Qxe7 35. Qc3 Qf6 36. Qxc6 Rxe6 37. Qc8+ Kg7 38. Rxd5 e3 39. Rd7+ Kh6
40. Qc2 exf2+ 41. Qxf2 b5 42. Qxf6+ Rxf6 43. Kg2 Rc6 44. Kf3 Rc2 45. h3 Rxa2
46. Rd6+ Kg7 47. Rd5 Kf6 48. Kg4 h6 49. Rxb5 {[#] Schwarz hat eine aktive
Turmstellung, aber Schwächen am Königsflügel.} Rg2 {plant h5+} 50. Rb6+ Kg7 51.
Rb7+ Kg6 52. Rb6+ Kg7 53. Rb4 h5+ 54. Kf3 (54. Kxg5 Rxg3+ 55. Kh4 Rd3 56. Rb6
Kf7 57. b4 Rb3 58. b5 Kg7 59. Rb8 Kg6 60. b6 Rb4+ 61. Kg3 Kg7 $11) 54... Rc2
55. Re4 Rb2 56. Rb4 (56. Re3 Rh2 57. b4 Rb2 $11 (57... Rxh3 58. Kg2 g4 59. b5
h4 60. b6 hxg3 $11)) 56... Rd2 57. h4 Rd3+ 58. Kf2 g4 (58... gxh4 59. gxh4 Kf6
60. Ke2 Rh3 61. Kd2 Ke6 62. Kc2 Kd6 63. Rc4 Kd5 64. Kb2 Rh2+ 65. Ka3 Rh3 66.
Ka4 (66. Kb4 Kd6) 66... Rg3 {und es ist nicht zu sehen, wie Weiß Fortschritt
machen kann.}) 59. Rb5 Rf3+ 60. Kg2 Kh6 61. Rb6+ Kg7 62. Rb5 Kh6 63. Rb8 Kg7
64. b4 Rb3 65. b5 Kh7 66. b6 Kg7 67. Kf2 Rf3+ 68. Kg2 Rb3 69. b7 $11 {Typische
Remisposition, weil Weiß weder den Bh5 erobern noch den Bb7 unterstützen kann.}
Rb1 70. Kf2 Rb2+ 71. Ke3 Rb1 72. Ke2 Rb2+ 73. Kd3 Rb1 74. Kc3 Rb5 75. Kd4 Rb1
76. Kd5 Rd1+ 77. Ke4 Rb1 78. Ke5 {[#]} Rb5+ $4 {[%mdl 12544]} (78... Re1+ 79.
Kf5 Rb1 80. Kg5 Rb5+ 81. Kf4 Rb1 $11) 79. Kd6 {[%cal Rd6c6]} Rb1 80. Re8 {
Gewinnt nach Turmtausch leicht das Bauernendspiel.} 1-0

[Event "Beersheba"]
[Site "Beersheba"]
[Date "1996.??.??"]
[Round "1"]
[White "Mikhalevski, Alexander"]
[Black "Bykhovsky, Avigdor"]
[Result "1-0"]
[WhiteElo "2435"]
[BlackElo "2405"]
[Annotator "Hecht,H"]
[PlyCount "145"]
[EventDate "1996.03.??"]
[EventType "tourn"]
[EventRounds "11"]
[EventCountry "ISR"]
[EventCategory "10"]
[SourceTitle "CBM 053"]
[Source "ChessBase"]
[SourceDate "1996.08.01"]
[SourceVersion "1"]
[SourceVersionDate "1996.08.01"]
[SourceQuality "1"]

1. d4 d5 2. c4 c6 3. Nf3 e6 4. g3 Nf6 5. Bg2 Be7 6. O-O O-O 7. Qc2 b6 8. b3 Bb7
9. Rd1 Nbd7 10. Nc3 Rc8 11. e4 Ba8 12. Bb2 dxe4 13. Nxe4 Nxe4 14. Qxe4 c5 15.
Qe2 Bxf3 16. Bxf3 cxd4 17. Bxd4 Bf6 18. Rac1 Qe7 19. Bxf6 Nxf6 20. Qe3 h6 21.
Rc2 Rfd8 22. Rxd8+ Qxd8 23. b4 a5 24. bxa5 bxa5 25. c5 Nd5 26. Qd4 Nb4 27.
Qxd8+ Rxd8 28. Rc4 Rc8 29. c6 Kf8 30. a4 Na6 31. Rh4 Ke7 32. Rd4 Rd8 33. Rc4
Kd6 34. c7 Nxc7 35. Rc6+ Kd7 36. Rc5 Rb8 37. Rxa5 Rb3 38. Kg2 Kd6 39. Ra7 f5
40. a5 e5 41. Rb7 Ra3 42. Rb6+ Ke7 43. Rg6 e4 44. Rxg7+ Kd6 45. Rg6+ Ke5 46.
Be2 Rxa5 47. Rxh6 Nd5 48. Ra6 Rxa6 49. Bxa6 {[#] 3-2 Bauern auf einem Flügel.
Technisches Problem: Randbauer mit wL der falschen Felderfarbe. Ab Zug 61
L+g+h vs S; Motiv: S-Einkreisung / Zugzwang} f4 (49... e3 50. f3 (50. f4+ Nxf4+
$10) 50... f4 51. g4 Kf6 52. h4 $16 {Gewinn? - Analyse!}) (49... Nf6 $5) 50. g4
f3+ 51. Kg3 Nf4 52. g5 Ne2+ (52... Kf5 53. Bc8+ Kxg5 54. h4+ Kh5 55. Kxf4 Kxh4
56. Kxe4 $18) 53. Kg4 Nc3 54. h4 Nd1 55. Kg3 Kf5 56. Bc8+ Kg6 57. Bb7 e3 (57...
Kf5 58. Bxe4+ (58. g6 Kxg6 59. Bxe4+ Kh6 60. Bxf3 Nxf2 $10) 58... Kxe4 59. g6
Ne3 $1 60. fxe3 (60. h5 $5 Nf5+ 61. Kg4 Ke5 62. Kg5 Ne7 63. h6 $18) 60... Kxe3
61. g7 f2 62. g8=Q f1=Q $10 {laut Endspiel-CD}) 58. Be4+ Kg7 59. fxe3 f2 60.
Bd3 Nxe3 61. Kxf2 Ng4+ 62. Kg3 Nh6 (62... Nf6 63. Kf4 Nh5+ 64. Kg4 Nf6+ 65. Kf5
Nd7 (65... Nh7 66. Ke6 Nf8+ 67. Ke7 Kg8 68. h5 Kg7 69. h6+ Kg8 70. Bf5 $1 (70.
h7+ Kg7 71. Bf5 Kh8 72. Kf7 Ng6) 70... Kh8 71. Kf7 $18 {Zugzwang}) (65... Ng8
66. Bc4 Ne7+ 67. Kg4 Ng6 68. Bd5 Ne5+ 69. Kf5 Ng6 70. h5 Ne7+ 71. Ke5 $18) (
65... Ne8 66. Ke5 Kf7 67. h5 Ng7 68. Bg6+ Ke7 69. h6 Ne6 70. h7 Nf8 71. Bf5 $18
) 66. h5 Nf8 67. h6+ Kh7 68. Kf6+ Kh8 69. Bf5 $18) 63. Kf4 Nf7 64. Bc4 Nh6 65.
Be6 $1 Kg6 66. Ke5 Kg7 (66... Kh5 67. Kf6 $18) 67. h5 Kh8 68. Kf6 Kh7 69. g6+
Kh8 70. Kg5 Kg7 71. Bd5 Kh8 72. Bc4 Kg7 73. Be6 (73. Be6 Kh8 74. Kf6 {Zugzwang}
) 1-0

[Event "Srajber Memorial 08th"]
[Site "Subotica"]
[Date "2003.12.01"]
[Round "4"]
[White "Ilincic, Zlatko"]
[Black "Benkovic, Petar"]
[Result "1-0"]
[WhiteElo "2564"]
[BlackElo "2463"]
[Annotator "Hecht,H"]
[PlyCount "147"]
[EventDate "2003.11.06"]
[EventType "tourn"]
[EventRounds "11"]
[EventCountry "YUG"]
[EventCategory "10"]
[SourceTitle "CBM 099"]
[Source "ChessBase"]
[SourceDate "2004.03.30"]
[SourceVersion "1"]
[SourceVersionDate "2004.03.30"]
[SourceQuality "1"]

1. d4 Nf6 2. c4 e6 3. Nf3 d5 4. g3 Be7 5. Bg2 O-O 6. O-O c6 7. Qc2 Nbd7 8. Rd1
b6 9. b3 a5 10. Nc3 Ba6 11. Bb2 dxc4 12. bxc4 Bxc4 13. Nd2 Ba6 14. Bxc6 Rc8 15.
Qa4 Bb4 16. Ndb1 Qc7 17. Bb5 Bxb5 18. Qxb5 Qc4 19. Qxc4 Rxc4 20. a3 Be7 21. Rd3
e5 22. e3 Rd8 23. dxe5 Nxe5 24. Rxd8+ Bxd8 25. Nd2 Rc8 26. Rd1 Nd3 27. Ba1 Be7
28. Nf3 Nc5 29. Nb5 Kf8 30. Be5 Nfe4 31. Nfd4 Nd7 32. Bxg7+ Kxg7 33. Nf5+ Kf6
34. Rxd7 Rc1+ 35. Kg2 Bxa3 36. Nxa3 Kxf5 37. Rxf7+ Ke5 38. Rxh7 Rc3 39. Nb5 Rc2
40. Rh5+ Kf6 41. Kf3 Kg6 42. Re5 Nxf2 43. Re6+ Kf7 44. Rxb6 Nh3 45. Ra6 Ng1+
46. Ke4 Rxh2 47. Rxa5 Ne2 48. Kf3 Ng1+ 49. Kg4 Nh3 50. Nd6+ Kg6 51. Ne4 Ng1 52.
Ra6+ Kg7 53. Ra1 Nh3 54. Kf3 Kg6 55. g4 Ng5+ 56. Nxg5 Kxg5 57. Ra5+ Kg6 58. e4
Rh1 59. Kf4 Rf1+ 60. Ke5 Kg5 61. Ke6+ Kxg4 62. e5 {[#] Which concrete facts
make White's win easy? A) his rook controls the a-file, which is advantageous
but not decisive B) the black king can be forced on to the h-file. Compared to
theses pluses, the position of the black king on the "short side" pales into
insignificance.  [#] Welche Tatbestände sichern den leichten weißen Gewinn? A)
er hält mit dem Turm die a-Linie, was zwar günstig aber nicht entscheidend ist
B) der schwarze König kann auf die h-Linie abgedrängt werden. Demgegenüber
verblasst der für Schwarz günstige Umstand, dass er mit dem König auf der
"kurzen Seite" steht.} Kg5 63. Ra8 {Two little thoughts to demonstrate the
value or lack of value of the a-file... Zwei kleine Gedankenspiele belegen den
Wert bzw. Unwert der a-Linie.} (63. Rb5 $2 Ra1 $11) (63. Ra6 $2 Rb1 $11 (63...
Kg6 64. Ra7 Re1 65. Kd6 Kf5 $11 {proving that the pushing away of Black's king
is central to the win. woraus folgt, dass die Abdrängung des schwarzen Königs
im Mittelpunkt steht.})) 63... Kg6 64. Rg8+ (64. Rb8 $2 Kg7 $1 $11 ({and not} 
64... Ra1 $2 65. Rg8+ $18)) 64... Kh7 65. Rg2 {[#] There follows a technically
easy win. Pushing the black king away by two files means that the actions of
the black rook from the "long side" fizzle out, because the white king can
hide behind his f-pawn.  [#] Es folgt ein technisch leichter Gewinn. Grund:
Die Abdrängung des schwarzen Königs um zwei Linien bedeutet, dass auch die
Aktionen des schwarzen Turms von der "langen Seite" her verpuffen, weil sich
der weiße König hinter seinem f-Bauern verstecken kann.} Rd1 66. Ke7 Rd3 67. e6
Rd1 68. Ke8 Rd3 69. e7 Ra3 70. Rg4 Rd3 71. Kf7 Rf3+ 72. Ke6 Re3+ 73. Kf6 Re2
74. Rg5 1-0

[Event "Amsterdam Euwe Memorial"]
[Site "Amsterdam"]
[Date "1996.03.31"]
[Round "8"]
[White "Piket, Jeroen"]
[Black "Seirawan, Yasser"]
[Result "0-1"]
[WhiteElo "2570"]
[BlackElo "2630"]
[Annotator "Hecht,H"]
[PlyCount "146"]
[EventDate "1996.03.22"]
[EventType "tourn"]
[EventRounds "9"]
[EventCountry "NED"]
[EventCategory "18"]
[SourceTitle "CBM 052"]
[Source "ChessBase"]
[SourceDate "1996.06.01"]
[SourceVersion "1"]
[SourceVersionDate "1996.06.01"]
[SourceQuality "1"]

1. d4 Nf6 2. c4 e6 3. Nf3 d5 4. g3 Nbd7 5. Bg2 c6 6. Qc2 b6 7. O-O Bb7 8. Rd1
Be7 9. Nc3 O-O 10. Bf4 Rc8 11. Rac1 Nh5 12. Qb3 Nxf4 13. gxf4 Bd6 14. e3 Qe7
15. Rc2 Nf6 16. Ne5 Bb8 17. cxd5 cxd5 18. Rdc1 h6 19. Ne2 Rxc2 20. Rxc2 Rc8 21.
Rxc8+ Bxc8 22. Nc6 Qc7 23. Nxb8 Qxb8 24. f5 exf5 25. Bxd5 Nxd5 26. Qxd5 Be6 27.
Qc6 Qd8 28. Nf4 Bxa2 29. d5 Qg5+ 30. Kf1 Qg4 31. d6 Qd1+ 32. Kg2 g5 33. Qc8+
Kg7 34. Qc3+ Kh7 35. Qd4 Qg4+ 36. Kf1 gxf4 37. d7 Bc4+ 38. Qxc4 {D-D: 1
schwarzer Mehrbauer am Damenflügel; ab Zug 66 ein starker schwarzer
b-Freibauer bei gesicherter eigener K-Pos. Bessere schwarze Verteidigung Zug 68
} Qd1+ 39. Kg2 Qg4+ 40. Kf1 Qd1+ 41. Kg2 f3+ 42. Kg3 Qxd7 43. Kxf3 Qd1+ 44. Kg3
Qg1+ 45. Kf3 Qd1+ 46. Kg3 Qg1+ 47. Kf3 Kg6 48. h3 Qh1+ 49. Kg3 Qg1+ 50. Kf3 Qh2
51. Qc6+ Kg5 52. Ke2 Qxh3 53. Qc7 Qg4+ 54. Kf1 Qd1+ 55. Kg2 Qd5+ 56. Kg1 Qa2
57. b4 Kg6 58. Qc6+ Qe6 59. Qa8 Qe7 60. b5 Kg7 61. Qc6 Qe6 62. Qc7 Qg6+ 63. Kf1
f4 64. exf4 Qb1+ 65. Kg2 Qxb5 66. Qxa7 Qc6+ 67. f3 b5 68. Qb8 (68. Qd4+ $142
Qf6 69. Qd2 $17) 68... Qc5 69. Kg3 b4 70. f5 Qc3 $1 {Erst K-Sicherung; dann
Freibauernvormarsch!} 71. Kg4 b3 72. f6+ Qxf6 73. Qxb3 Qe6+ 0-1

[Event "Linares-03"]
[Site "Linares"]
[Date "1981.01.29"]
[Round "10"]
[White "Ribli, Zoltan"]
[Black "Spassky, Boris Vasilievich"]
[Result "1/2-1/2"]
[WhiteElo "2585"]
[BlackElo "2635"]
[Annotator "Kharitonov,A"]
[PlyCount "38"]
[EventDate "1981.01.17"]
[EventType "tourn"]
[EventRounds "11"]
[EventCountry "ESP"]
[EventCategory "13"]
[SourceTitle "MCL"]
[Source "ChessBase"]
[SourceDate "1999.07.01"]
[SourceVersion "1"]
[SourceVersionDate "1999.07.01"]
[SourceQuality "1"]

1. d4 d5 2. Nf3 Nf6 3. c4 e6 4. g3 Be7 5. Bg2 O-O 6. O-O Nbd7 7. Qc2 c6 8. b3
b6 9. Bb2 $6 (9. Rd1 Bb7 10. Nc3 Rc8 11. e4 dxe4 12. Nxe4 Nxe4 13. Qxe4 Qc7 14.
Bf4 Bd6 15. Bxd6 Qxd6 16. c5 $1 Qe7 (16... bxc5 17. dxc5 Nxc5 18. Qb4 Qe7 19.
Rdc1 $18) 17. b4 Rfd8 18. Qc2 Nf6 19. Ne5 $16 {Portish,L-Radulov,I/Moscow/1977/
1:0 (40)/}) (9. Rd1 Bb7 10. Nc3 Rc8 11. e4 dxe4 12. Nxe4 c5 13. Nxf6+ Bxf6 14.
Ng5 Bxg5 15. Bxb7 Rc7 16. Be4 h6 17. dxc5 bxc5 18. Bb2 Bf6 19. Rd6 $16 {
Bronstein,D-Ciric,D/Saraevo/1971/0,5 (50)/}) 9... Bb7 10. Nc3 Qc7 $5 11. e4 (
11. Rad1 b5 $5 $13) 11... dxe4 12. Nxe4 c5 13. Nxf6+ Nxf6 (13... Bxf6 14. Rad1
cxd4 15. Bxd4 Bxd4 16. Rxd4 $14) 14. dxc5 Qxc5 (14... bxc5 15. Rfe1 {/\Ne5+/-/}
) 15. Qe2 Rad8 16. Rad1 Qc6 $5 17. Rxd8 (17. Nh4 Qc8 18. Bxb7 Qxb7 $10) 17...
Rxd8 18. Rd1 Rxd1+ 19. Qxd1 h6 (19... h6 20. Ne1 Qc7 21. Bxb7 Qxb7 22. Qf3 Qd7
23. Nd3 $14) 1/2-1/2

[Event "Olympiad-31"]
[Site "Moscow"]
[Date "1994.12.09"]
[Round "8.4"]
[White "Dizdarevic, Emir"]
[Black "Tiviakov, Sergei"]
[Result "0-1"]
[WhiteElo "2495"]
[BlackElo "2640"]
[Annotator "Kharitonov,A"]
[PlyCount "68"]
[EventDate "1994.12.01"]
[EventType "team-swiss"]
[EventRounds "14"]
[EventCountry "RUS"]
[SourceTitle "CBM 045"]
[Source "ChessBase"]
[SourceDate "1995.04.01"]
[SourceVersion "1"]
[SourceVersionDate "1995.04.01"]
[SourceQuality "1"]
[WhiteTeam "Bosnia&Herzegovina"]
[BlackTeam "Russia"]
[WhiteTeamCountry "BIH"]
[BlackTeamCountry "RUS"]

1. Nf3 {Ftacnik} Nf6 2. c4 b6 3. g3 e6 4. Bg2 c6 5. O-O Be7 6. b3 O-O 7. Qc2 (
7. Bb2 d5 8. e3 $5) 7... d5 8. d4 Bb7 (8... Nbd7 {Ftacnik} 9. Rd1 Ba6 10. Nc3
Rc8 11. e4 dxc4 12. Qe2 b5 13. bxc4 bxc4 14. Qc2 (14. Rb1 Rb8 15. Rxb8 (15. Bf4
{Ftacnik} Rxb1 16. Rxb1 Nb6 $13) 15... Qxb8 16. Bf4 Qc8 17. Rb1 Re8 18. Qc2 Bd8
19. e5 Nd5 20. Ne4 Be7 21. Nfg5 g6 22. h4 $36 {Skalkotas,N-Seitaj,I/Kavala zt/
1985/1-0 (33)}) 14... Nb6 15. Rb1 h6 16. Bf4 Re8 17. h3 Bf8 18. g4 Be7 19. Kh1
Nh7 20. Ne5 Qc7 21. Ng6 Bd6 22. Bxd6 $14 {Tal,M-Saidy,A/Tallinn/1971/1-0 (43)})
9. Rd1 Nbd7 10. Nc3 Ba6 (10... Rc8 11. e4 Nxe4 12. Nxe4 dxe4 13. Qxe4 b5 14.
Bf4 bxc4 15. bxc4 Qa5 16. Qc2 Ba8 17. c5 $16 {Salov,V-Spassky,B/FRA/1994/1:0/
45/}) 11. e4 $6 (11. Bb2 $5 b5 $2 (11... dxc4 $5 12. bxc4 Bxc4 13. Ne5 (13. Nd2
Ba6 14. Bxc6 Rc8 15. Qa4 Nb8 $13) 13... Nxe5 14. dxe5 Nd5 $13) (11... dxc4 12.
Nd2 $5 cxb3 13. axb3 $44 {Rashkovsky/}) 12. c5 b4 13. Nb1 Bb5 14. a4 Ba6 15.
Ne1 Qb8 16. Nd3 Bd8 17. Nd2 Bc7 18. e4 $16 {Rashkovsky,N-Alburt,L/Minsk/
URS-ch1/1976/1:0/41/}) 11... dxc4 12. Qe2 (12. Ne5 cxb3 13. axb3 Bb7 14. Nc4
$44) 12... b5 13. bxc4 bxc4 14. Qc2 (14. Bf4 $5 $44) (14. Ne5 $6 Nxe5 15. dxe5
Nd7 16. f4 Qc7 {/\Nc5-d3-/+/}) (14. Rb1 c5 15. d5 exd5 16. e5 Nb6 17. exf6 Bxf6
18. Qd2 $14) 14... Nb6 15. Bf1 $2 (15. a4 $5 $10) 15... Qc8 16. a4 (16. Bf4 $5
{Ftacnik} c5 $140 17. d5) 16... c5 $1 $17 17. d5 (17. a5 {Ftacnik} cxd4 18.
Rxd4 Nbd7 $15) 17... exd5 18. e5 (18. exd5 Rd8 $17) (18. Nxd5 {Ftacnik} Nfxd5
19. exd5 Rd8 $17) 18... Ne4 19. Nxd5 (19. Nxe4 dxe4 20. Qxe4 Bb7 21. Qf4 (21.
Qe2 {Ftacnik} Qg4 $17) 21... Qe6 $17 (21... c3 $17)) 19... Nxd5 20. Rxd5 (20.
Qxe4 $2 Nc3 $19) 20... Qf5 $1 21. Ne1 $8 (21. Bg2 Nxg3 $19) (21. Ng5 {Ftacnik}
Nxg3 $1 22. Qxf5 Nxf5 23. e6 Bxg5 24. exf7+ Rxf7 25. Bxg5 Nd4 $17) 21... Bb7
22. Rd1 (22. Bxc4 {Ftacnik} Bxd5 23. Bxd5 Nxg3 (23... Qxe5 $17) 24. Bxa8 (24.
hxg3 Qxe5 25. Bxa8 Qxe1+ $19) 24... Qxc2 25. Nxc2 Ne2+ 26. Kf1 Nxc1 27. Bd5 Nd3
$17) 22... Qxe5 23. Bf4 (23. Bb2 {Ftacnik} c3) 23... Qf6 24. Bxc4 Rad8 25. h4 (
25. Nd3 {Ftacnik} Nc3 26. Rf1 Nd5 $17) 25... h6 (25... Rd2 $5 {Ftacnik} 26.
Rxd2 Nxd2 27. Ra3 Qc6 28. f3 Nxc4 29. Qxc4 Bf6 $17) 26. Rxd8 Rxd8 27. Rb1 (27.
Rd1 {Ftacnik} Rxd1 28. Qxd1 Bd6 $17) 27... Bc6 28. Nd3 (28. a5 $17) 28... Nd6
$1 29. Ba6 (29. Nxc5 Nxc4 30. Qxc4 Qf5 31. Rc1 Bxc5 32. Qxc5 Qxc5 33. Rxc5 Rd1+
$19) 29... Qf5 $1 $19 {/^a8-h1/} 30. Re1 (30. Qxc5 Qe4) 30... Qd5 31. f3 (31.
Kf1 Qg2+ (31... Nf5 $19 {Ftacnik}) 32. Ke2 Nf5 $19) 31... Qxf3 32. Kh2 (32.
Rxe7 {Ftacnik} Qh1+ 33. Kf2 Qg2+ $19) 32... Ne4 33. Ne5 Rd2+ $1 34. Qxd2 (34.
Bxd2 Qxg3+ 35. Kh1 Nf2#) 34... Nxd2 (34... Nxd2 35. Nxf3 Nxf3+ $19) 0-1

[Event "Madrid"]
[Site "Madrid"]
[Date "1996.05.13"]
[Round "5"]
[White "Salov, Valery"]
[Black "San Segundo Carrillo, Pablo"]
[Result "1-0"]
[WhiteElo "2670"]
[BlackElo "2535"]
[Annotator "King,D"]
[PlyCount "167"]
[EventDate "1996.05.08"]
[EventType "tourn"]
[EventRounds "9"]
[EventCountry "ESP"]
[EventCategory "17"]
[SourceTitle "CBM 053"]
[Source "ChessBase"]
[SourceDate "1996.08.01"]
[SourceVersion "1"]
[SourceVersionDate "1996.08.01"]
[SourceQuality "1"]

{This is a wonderful game. I'm not sure that Salov intended sacrificing his
queen, but thereafter his performance is masterful, particularly in the way
that he uses his king.} 1. c4 e6 2. g3 d5 3. Bg2 Nf6 4. d4 c6 5. Nf3 Bb4+ 6.
Bd2 Be7 7. Qc2 O-O 8. O-O Nbd7 9. Bf4 Nh5 10. Bc1 f5 11. b3 b5 12. cxd5 cxd5
13. Qc6 Qb6 14. Qxa8 Nb8 15. Bd2 Bb7 16. Ba5 Qa6 17. Qxb8 Rxb8 18. b4 Bd8 $2 {
It doesn't look correct to exchange off these bishops, it just leaves the dark
squares gaping.} 19. Bxd8 Rxd8 20. Nbd2 Qd6 21. a3 Nf6 22. Nb3 Nd7 23. Nc5 Bc6
24. Nxd7 Bxd7 25. Rfc1 Rc8 26. Rc5 $1 Rxc5 27. dxc5 Qc7 28. Nd4 {At some
moment in the game Black had to just cut loose and break out, even at the cost
of a pawn or two. As it is, he ends up defending passively and White takes
control. Perhaps this was the time to go for it with 28...e5, or 28...Kf8
preparing ...e5.} Bc6 29. Rd1 Kf7 30. f4 Ke7 31. Rd3 Kf6 32. h4 a6 33. Kf2 Be8
34. Re3 Bd7 35. Bf3 g6 36. Re5 Qa7 37. Nb3 Bc8 38. g4 h6 39. g5+ hxg5 40. hxg5+
Kf7 41. Bg2 Qc7 42. Kg3 {First the king is used to cover the f-pawn so that
the rook may retreat; but from here it also covers potential entry points for
the queen on the h-file.} Bd7 43. Re3 Qa7 44. Rd3 Qa8 45. e3 Ke7 46. Rd2 Qh8
47. Nd4 Kd8 48. Rd1 Kc7 {One of Black's problems is that his king does not
have any pawn cover, so while it was indeed sensible to bring the king over to
watch the c-pawn, in the long-term, if White ever does break through, the king
is dead.} 49. Rh1 Qg7 50. Rh6 Qg8 51. Nf3 Be8 52. Ne5 Qg7 53. Bf3 Qg8 54. Be2
Kb7 55. Rh1 Qg7 {The queen must prevent the rook from entering the position,
giving White the freedom to march the king over to the queenside to prepare
the final break-through.} 56. Kf2 Bc6 57. Bf3 Kc7 58. Ke2 Be8 59. Kd2 Bc6 60.
Kc2 Be8 61. Rh6 Qg8 62. Be2 Kb7 63. Kb2 Qg7 64. Bd3 Ka7 65. Bc2 Kb7 66. Rh1 Bc6
67. Rh2 Be8 68. Bd1 Ka7 69. Rh6 Kb7 70. Rh1 Bc6 71. Rh2 Be8 72. a4 bxa4 73. Ka3
a5 74. Bxa4 axb4+ 75. Kxb4 Bxa4 76. Kxa4 Qg8 77. Kb5 Kc7 78. Nc6 {With the
help of the king, White's pieces dominate the queen. For instance:} Qg7 (78...
Qe8 79. Rh7+ Kc8 80. Kb6) 79. Ra2 Qc3 80. Ra7+ Kc8 81. Ne5 d4 82. Kc6 Kd8 83.
Kd6 Kc8 84. Nc6 1-0